书目信息 |
| 题名: |
日照地质遗迹
|
|
| 作者: | 王申 , 朱德全 主编 | |
| 分册: | ||
| 出版信息: | 北京 地质出版社 2020.09 |
|
| 页数: | 134页 | |
| 开本: | 26cm | |
| 丛书名: | ||
| 单 册: | ||
| 中图分类: | P562.523 | |
| 科图分类: | ||
| 主题词: | 区域地质--qu yu di zhi--研究--日照 | |
| 电子资源: | ||
| ISBN: | 978-7-116-12272-7 | |
| 000 | 01127nam0 2200289 450 | |
| 001 | CAL 012022012496 | |
| 005 | 20230217093111.0 | |
| 010 | @a978-7-116-12272-7@dCNY68.00 | |
| 092 | @aCN@bRt1033-0977 | |
| 100 | @a20220908d2020 em y0chiy0120 ea | |
| 101 | 0 | @achi |
| 102 | @aCN@b110000 | |
| 105 | @aab a 000yy | |
| 106 | @ar | |
| 200 | 1 | @a日照地质遗迹@Ari zhao di zhi yi ji@f王申, 朱德全主编 |
| 210 | @a北京@c地质出版社@d2020.09 | |
| 215 | @a134页@c彩图, 地图@d26cm | |
| 320 | @a有书目 (第133页) | |
| 330 | @a本书阐述了地质遗迹与地质地貌景观是构成地质旅游资源的主体。二者的内涵有相当大的交叉重叠部分。而日照市绝大多数风景名胜区是依托地质遗迹与地质地貌景观保护区而开发建设的。特别是近年来, 全国各地以地质遗迹为主要保护和观赏对象的地质公园雨后春笋般地建立, 地质旅游方兴未艾。地质遗迹与地质地貌景观在旅游事业的发展中正发挥着越来越重要的作用。 | |
| 606 | 0 | @a区域地质@Aqu yu di zhi@x研究@y日照 |
| 690 | @aP562.523@v5 | |
| 701 | 0 | @a王申@Awang shen@4主编 |
| 701 | 0 | @a朱德全@Azhu de quan@4主编 |
| 801 | 0 | @aCN@bBJXHZP@c20230228 |
| 901 | @a地质出版社 | |
| 905 | @b1395594-7@dP562.523@e179@f4 | |
| 997 | @a期货 | |
| 日照地质遗迹/王申, 朱德全主编.-北京:地质出版社,2020.09 |
| 134页:彩图, 地图;26cm |
| ISBN 978-7-116-12272-7:CNY68.00 |
| 本书阐述了地质遗迹与地质地貌景观是构成地质旅游资源的主体。二者的内涵有相当大的交叉重叠部分。而日照市绝大多数风景名胜区是依托地质遗迹与地质地貌景观保护区而开发建设的。特别是近年来, 全国各地以地质遗迹为主要保护和观赏对象的地质公园雨后春笋般地建立, 地质旅游方兴未艾。地质遗迹与地质地貌景观在旅游事业的发展中正发挥着越来越重要的作用。 |
| ● |
| 相关链接 |
|
|
|
|
正题名:日照地质遗迹
索取号:P562.523/179
 
预约/预借
| 序号 | 登录号 | 条形码 | 馆藏地/架位号 | 状态 | 备注 |
| 1 | 1395594 | 213955941 | 第二样本阅览室/ [索取号:P562.523/179] | 在馆 | |
| 2 | 1395595 | 213955950 | 第三借阅区/ [索取号:P562.523/179] | 在馆 | |
| 3 | 1395596 | 213955969 | 第三借阅区/ [索取号:P562.523/179] | 在馆 | |
| 4 | 1395597 | 213955978 | 第三借阅区/ [索取号:P562.523/179] | 在馆 |